LEADER 01095nas 2200385 c 450 001 9910896431403321 005 20260218112654.0 035 $a(DE-599)ZDB3066648-X 035 $a(OCoLC)1256083000 035 $a(DE-101)1234728591 035 $a(CKB)5690000000011244 035 $a(DE-599)3066648-X 035 $a(EXLCZ)995690000000011244 100 $a20210604b19041946 |y | 101 0 $ager 135 $aur||||||||||| 181 $ctxt$2rdacontent 182 $cc$2rdamedia 183 $acr$2rdacarrier 200 00$aBrugger Neujahrsbla?tter fu?r Jung und Alt$fhrsg. im Auftr. d. Kulturgesellschaft d. Bezirks Brugg 210 31$aBrugg$c[Verlag nicht ermittelbar]$d1904-1946 300 $aGesehen am 04.06.2021 300 $aReproduktion 517 1 $aBrugger Neujahrsbla?tter 608 $aZeitschrift$2gnd-content 676 $a060 676 $a910 676 $a940 801 0$b0355 801 1$bDE-101 801 2$b9999 906 $aJOURNAL 912 $a9910896431403321 996 $aBrugger Neujahrsbla?tter fu?r Jung und Alt$94441663 997 $aUNINA